Linux For You (2004 - (Record no. 203674)

MARC details
000 -LEADER
fixed length control field 00712nam a2200133Ia 4500
008 - FIXED-LENGTH DATA ELEMENTS--GENERAL INFORMATION
fixed length control field 231221s9999 xx 000 0 und d
041 ## - LANGUAGE CODE
Language code of text/sound track or separate title English
245 #0 - TITLE STATEMENT
Title Linux For You (2004 -
260 ## - PUBLICATION, DISTRIBUTION, ETC.
Date of publication, distribution, etc. May. 2007
Name of publisher, distributor, etc. EFY
Place of publication, distribution, etc. New Delhi
300 ## - PHYSICAL DESCRIPTION
Dimensions JN14460
510 ## - CITATION/REFERENCES NOTE
Name of source The Developers Playground NEWBIES : Pea Zip 1.4, LeafRSS, KMobile tools , desktop drapes, Record my desktop POWER USERS sshguard, INSERT- Inside security rescue tool kit, BASE , JSch 0.1.33 FUNSTUFF : Armagetron, dream chess, magicor 1.0 GCC 4.2.2: Free pascal 2.0.4, Freebasic , Lua 5.1.2, Python 2.5.1, Ruby 1.8.6, PHP, Perl 5.8.8, SystematiC Live CD, Open JDK UPDATES : Kernel 2.6.21.1, Clam antivirus.
650 ## - SUBJECT ADDED ENTRY--TOPICAL TERM
Topical term or geographic name entry element Linux,(2004,-
942 ## - ADDED ENTRY ELEMENTS (KOHA)
Koha item type Compact Disks
Holdings
Date last seen Total checkouts Accession number Volume/Issue Number Price effective from Category Lost status Damaged status Department Withdrawn status Home library Current library Shelving location Entry date Billdate Currency symbol Conversion rate Discount Old discount
26/01/2024   CD3048 5(3) 26/01/2024 Compact Disks     Central Library   Central Library Central Library Central Library   14/12/2009 RS 1    

© For any Suggestions or Query, please contact the library staff @ librarian@pes.edu or Phone: +9180 2672 1983/ 2108.